000 00430nam a2200181Ia 4500
005 20230705130231.0
008 230524s9999 xx 000 0 und d
020 _a0198061102
082 _bSUB
100 _a"Subramanian, R"
_945354
245 0 _aStrength of Materials
250 _a1
260 _aNew Delhi
_bOxford
_c2012
300 _axix;1031 p.
500 _aQuantity Number: 16
650 _aMechanics
942 _cBK
999 _c52729
_d52729